000 00731nam a2200217 a 4500
001 BRCA_3892
005 20190320204450.0
008 050110s1913----mx-a######---#000-0#spa-#
041 _aspa
044 _amx
050 4 _aF1234.H8
_b.M49 1913
245 1 0 _aMéxico para los mexicanos
_bel presidente Huerta y su gobierno, documentos para la historia de la tercera indepen dencia mexicana, reunidos y publicados
_cpor Manuel Doblado
260 _aMéxico
_bA. Enrique
_c1913
300 _a172 p.
_bil.
_c19 cm.
500 _aC103
610 2 4 _aHuerta, Victoriano, 1854-1916
_910124
651 4 _aMéxico
_xHistoria
_yRevolución, 1910-1917
_910125
700 1 _aDoblado, Manuel
_d1818-1865
_910126
902 _aGFM
942 _2lcc
_cB
999 _c3620
_d3620